The book of the thousand nights and one night / (Record no. 75366)

MARC details
000 -LEADER
campo de control de longitud fija 00893cam a2200253 i 4500
001 - NÚMERO DE CONTROL
campo de control 110920
005 - FECHA Y HORA DE LA ÚLTIMA TRANSACCIÓN
campo de control 20230410130516.0
008 - DATOS DE LONGITUD FIJA--INFORMACIÓN GENERAL
campo de control de longitud fija 130705s2005 nyua 000 0 eng
020 ## - NÚMERO INTERNACIONAL ESTÁNDAR DEL LIBRO
Número Internacional Estándar del Libro 2843237254
041 0# - CÓDIGO DE IDIOMA
Código de lengua del texto/banda sonora o título independiente Eng
050 14 - SIGNATURA TOPOGRÁFICA DE LA BIBLIOTECA DEL CONGRESO
Número de clasificación PJ 7715
Número de ítem B724 2005
245 04 - MENCIÓN DEL TÍTULO
Título The book of the thousand nights and one night /
Mención de responsabilidad, etc. rendered into English from the literal and complete French translation of J.C. Mardrus by Powys Mathers ; illustrations by Leon Carré ; ornaments by Racim Mohammed.
246 30 - FORMA VARIANTE DEL TITULO
Título propio/Titulo breve Arabian nights.
246 30 - FORMA VARIANTE DEL TITULO
Título propio/Titulo breve Book of the 1000 nights and 1 night
260 ## - PUBLICACIÓN, DISTRIBUCIÓN, ETC.
Lugar de publicación, distribución, etc. New York :
Nombre del editor, distribuidor, etc. Assouline Publishing,
Fecha de publicación, distribución, etc. 2005.
300 ## - DESCRIPCIÓN FÍSICA
Extensión 423 p. :
Otras características físicas ill. ;
Dimensiones 30 cm.
500 ## - NOTA GENERAL
Nota general Tradución del Frances al Ingles
700 1# - ENTRADA AGREGADA--NOMBRE PERSONAL
Nombre de persona Mardrus, J. C.
700 1# - ENTRADA AGREGADA--NOMBRE PERSONAL
Nombre de persona Powys Mathers, E.
740 1# - ENTRADA AGREGADA--TÍTULO RELACIONADO/ANALÍTICO NO CONTROLADO
Título relacionado o analítico no controlado Arabian nights.
740 1# - ENTRADA AGREGADA--TÍTULO RELACIONADO/ANALÍTICO NO CONTROLADO
Título relacionado o analítico no controlado Book of the 1000 nights and 1 night
942 ## - ELEMENTOS DE ENTRADA SECUNDARIOS (KOHA)
Fuente del sistema de clasificación o colocación Clasificación de Library of Congress
Tipo de ítem Koha
946 ## - PROCESAMIENTO DE INFORMACIÓN LOCAL (OCLC)
a lmd
Holdings
Estatus retirado Estado de pérdida Fuente del sistema de clasificación o colocación Estado de daño No para préstamo Colección Biblioteca de origen Biblioteca actual Ubicación en estantería Fecha de adquisición Serial enumeration / chronology Signatura topográfica completa Código de barras Visto por última vez Copia número Tipo de ítem Koha
    Clasificación de Library of Congress     Humanidades Biblioteca Juan Bosch Biblioteca Juan Bosch Humanidades (4to. Piso) 10/04/2023 1 PJ 7715 B724 2005 00000102609 25/10/2018 1